[Event "Munich OIS op"]
[Site "Munich"]
[Date "2007.09.29"]
[Round "1"]
[White "Lochte, Thomas"]
[Black "Lehner, Rudolf"]
[Result "1-0"]
[WhiteElo "2170"]
[BlackElo "1969"]
[PlyCount "49"]
[EventDate "2007.09.29"]
[EventType "swiss"]
[EventRounds "9"]
[EventCountry "GER"]
[SourceTitle "CBM 120 Extra"]
[Source "ChessBase"]
[SourceDate "2007.11.01"]
[SourceVersion "1"]
[SourceVersionDate "2007.11.01"]
[SourceQuality "1"]

1. e4 c5 2. d4 cxd4 3. c3 dxc3 4. Nxc3 e5 5. Bc4 Nf6 6. Qb3 Qe7 7. Bg5 Nc6 8. Nd5 Nd4 9. Qa4 Qd6 10. Bxf6 gxf6 11. Ne2 Nxe2 12. Kxe2 Be7 13. Rac1 Bd8 14. Rhd1 Qb8 15. Bb5 a6 16. Bxd7+ Bxd7 17. Nxf6+ Bxf6 18. Qxd7+ Kf8 19. Qf5 Bg7 20. Rd7 Qe8 21. Rcc7 f6 22. Rxg7 Qb5+ 23. Ke3 Qb6+ 24. Kf3 Rd8 25. Rgf7+ 1-0